Normal view
MARC view
- Brommer, Gerald F.
Entry Personal Name
001 - CONTROL NUMBER
- control field: 7852
003 - CONTROL NUMBER IDENTIFIER
- control field: NUST
005 - DATE AND TIME OF LATEST TRANSACTION
- control field: 20171229095533.0
008 - FIXED-LENGTH DATA ELEMENTS
- fixed length control field: 171229|| aca||aabn | a|a d
040 ## - CATALOGING SOURCE
- Original cataloging agency: NUST
- Transcribing agency: NUST
100 ## - HEADING--PERSONAL NAME
- Personal name: Brommer, Gerald F.
670 ## - SOURCE DATA FOUND
- Source citation: Work cat.: (NUST)0: Brommer, Gerald F., Exploring painting /, 1995.
